| 000 | 01294cam a2200229 i 4500 | ||
|---|---|---|---|
| 001 | 79092 | ||
| 003 | BD-RjUL | ||
| 005 | 20211230144705.0 | ||
| 008 | 200128s1895 ii 000 0 ara | ||
| 035 | _a(BD-RjUL)79092 | ||
| 040 |
_aDLC _beng _erda _cDLC |
||
| 041 | 0 |
_aara _aper |
|
| 082 |
_223 _a297.125 _bIBN 1895 |
||
| 100 | 1 |
_aإبن حجر العسقلاني، أحمد بن علي ;; Ibn Ḥajar al-ʻAsqalānī, Aḥmad ibn ʻAlī, _d1372-1449. هـ _9410 |
|
| 245 | 1 | 0 |
_aنخبة الفكر في مصطلح اهل الاثر.وثانيتهما بلوغ المرام المرام من حيمع ادلة الاحكام ;; nukhbat alfikr fi mustalah ahl alathar.wthaniatihima bulugh almaram almiram min himae adilat alahkam / / _cشهاب الدين أبو الفضل أحمد بن علي بن محمد الكناني ابن حجر العسقلاني ;; Shihab al-Din Abu al-Fadl Ahmad ibn Ali ibn Muhammad al-Kinani ibn Hajar al-Asqalani,ـ |
| 264 | 1 |
_aKarachi : _bnur muhammad Asih , _c193? |
|
| 300 |
_a151, pages ; _c24 cm |
||
| 600 | 1 | 0 |
_aIbn Ḥajar al-ʻAsqalānī, Aḥmad ibn ʻAlī, _d1372-1449. |
| 600 | 1 | 0 |
_aIbn Ḥajar al-ʻAsqalānī, Aḥmad ibn ʻAlī, _d1372-1449. _tBulūgh al-marām. _9412 |
| 650 | 0 |
_aHadith _vTerminology _vEarly works to 1800. _9374 |
|
| 942 |
_2ddc _cBK |
||
| 999 |
_c79092 _d79092 |
||